000 00732nam a22001817a 4500
999 _c371740
_d371740
008 201127b ||||| |||| 00| 0 eng d
040 _aDE-2950
_bger
_cDE-2950
_erda
041 _ager
245 _aRauschendes Hansestadtfest.
_bBunter Hering. Mehr als 100.000 Menschen strömten am Wochenende auf das Festgelände zwischen Brunnenplatz, Holzmarkt und Brücke/ /
_cRené Matschkowiak, Thomas Gutke
264 _c2022
653 _aFrankfurt (Oder)
653 _aHansestadtfest
773 _dFrankfurt (Oder) Märkisches Verlags- und Druckhaus GmbH & Co KG
_tMärkische Oderzeitung
_g33. Jahrgang (2022) Nr. 159 vom 11.07.2022, S. 11: Foto
942 _cA